Formirovanie u studentov-inostrancev kul'turovedcheskoj kompetencii pri obuchenii yazykovym disciplinam

Problematika jazykovej prípravy odborníka - internacionalistu, ktorý je schopný vytvoriť program činnosti v prípade situácií, ktoré si vyžadujú kultúrnu kompetenciu na ich riešenie.

Enregistré dans:
Détails bibliographiques
Auteur principal: Vazanova, Marina, 1976-
Format: Chapitre de livre
Langue:russe
Sujets:
Tags: Ajouter un tag
Pas de tags, Soyez le premier à ajouter un tag!

MARC

LEADER 00000naa$a2200000$$$4500
001 0306292
005 20250120131931.5
041 0 |a rus 
044 |a BY 
245 1 0 |a Formirovanie u studentov-inostrancev kul'turovedcheskoj kompetencii pri obuchenii yazykovym disciplinam  |c Marina Vazanova 
520 |a Problematika jazykovej prípravy odborníka - internacionalistu, ktorý je schopný vytvoriť program činnosti v prípade situácií, ktoré si vyžadujú kultúrnu kompetenciu na ich riešenie. 
610 2 0 |a kultúra 
610 2 0 |a komunikácia 
610 2 0 |a študenti zahraniční 
610 2 0 |a jazyky cudzie 
610 2 0 |a vyučovanie 
100 1 |a Vazanova, Marina, 1976-